[Event "10th Philadelphia Open"]
[Site "Philadelphia"]
[Date "2016.03.27"]
[Round "8"]
[White "Sinha, Sahil"]
[Black "Hong, Andrew"]
[Result "1/2-1/2"]
[WhiteElo "2073"]
[BlackElo "2266"]
[PlyCount "72"]
[EventDate "2016.03.??"]
[EventType "swiss"]
[EventRounds "9"]
[EventCountry "USA"]
[Source "MonRoi"]

1. d4 Nf6 2. c4 g6 3. Nc3 Bg7 4. e4 d6 5. Be2 O-O 6. Nf3 e5 7. O-O Nc6 8. d5
Ne7 9. Ne1 Nd7 10. Be3 f5 11. f3 f4 12. Bf2 g5 13. Rc1 Ng6 14. Nb5 Nf6 15. c5
Rf7 16. cxd6 cxd6 17. Nxa7 Bd7 18. Qb3 g4 19. Bb6 Qe7 20. Kh1 g3 21. Bb5 gxh2
22. Bxd7 Nh5 23. Kxh2 Qxd7 24. Rc7 Qe8 25. Nb5 Bf8 26. Nd3 Qd8 27. Nf2 Qh4+ 28.
Kg1 Be7 29. Rxb7 Rg7 30. Nc7 Nf8 31. Nxa8 Rxg2+ 32. Kxg2 Qg3+ 33. Kh1 Qh4+ 34.
Kg2 Qg3+ 35. Kh1 Qh4+ 36. Kg2 Qg3+ 1/2-1/2

[Event "10th Philadelphia Open"]
[Site "Philadelphia"]
[Date "2016.03.27"]
[Round "9.1"]
[White "Sevian, Samuel"]
[Black "Indjic, Aleksandar"]
[Result "1/2-1/2"]
[WhiteElo "2580"]
[BlackElo "2542"]
[PlyCount "162"]
[EventDate "2016.03.??"]
[EventType "swiss"]
[EventRounds "9"]
[EventCountry "USA"]
[Source "MonRoi"]
[WhiteClock "0:18:37"]
[BlackClock "0:30:03"]

1. e4 d5 2. exd5 Qxd5 3. Nc3 Qd6 4. d4 Nf6 5. Nf3 c6 6. g3 Bg4 7. Bg2 e6 8. O-O
Qc7 9. h3 Bxf3 10. Bxf3 Nbd7 11. Ne2 Be7 12. c3 O-O 13. Qc2 Rfe8 14. Bd2 Rad8
15. Rad1 Bf8 16. Bc1 a6 17. a3 h6 18. Bg2 b5 19. c4 Rc8 20. Nf4 c5 21. cxb5
axb5 22. dxc5 Nxc5 23. Ne2 Qb6 24. Be3 b4 25. axb4 Qxb4 26. Rd4 Qb3 27. Rc4
Qxc2 28. Rxc2 Nd3 29. Rd2 Nb4 30. Bd4 Nfd5 31. Nc3 Nxc3 32. Bxc3 Na2 33. Be5
Red8 34. Rfd1 Rxd2 35. Rxd2 Rc1+ 36. Kh2 Re1 37. Bd4 Be7 38. Bf3 Nb4 39. Bc3
Na2 40. Bd4 Nb4 41. Be3 Bg5 42. Bxg5 hxg5 43. Rd8+ Kh7 44. Rd4 Nd5 45. Bxd5
exd5 46. Kg2 Re2 47. Rxd5 Rxb2 48. Rxg5 g6 49. Re5 Kg7 50. h4 Ra2 51. g4 Rb2
52. Kg3 Ra2 53. Rb5 Rc2 54. f3 Rc3 55. Rb4 Ra3 56. Kf4 Rc3 57. Rd4 Rb3 58. Rd5
Rb4+ 59. Kg3 Rb3 60. Rg5 Kf6 61. Rc5 Kg7 62. h5 gxh5 63. Rg5+ Kh6 64. Rxh5+ Kg6
65. Re5 f6 66. Re4 Ra3 67. Kf4 Rb3 68. Ra4 Rb5 69. Rd4 Ra5 70. Rd6 Ra4+ 71. Ke3
Ra3+ 72. Kf2 Ra4 73. Kg3 Ra3 74. Rd8 Rb3 75. Rd5 Ra3 76. Rf5 Rb3 77. Kf4 Ra3
78. Ke4 Ra4+ 79. Kd5 Ra5+ 80. Ke6 Ra6+ 81. Kd7 Ra7+ 1/2-1/2

[Event "10th Philadelphia Open"]
[Site "Philadelphia"]
[Date "2016.03.27"]
[Round "9.2"]
[White "Hilby, Craig"]
[Black "Li, Ruifeng"]
[Result "1/2-1/2"]
[WhiteElo "2343"]
[BlackElo "2486"]
[PlyCount "30"]
[EventDate "2016.03.??"]
[EventType "swiss"]
[EventRounds "9"]
[EventCountry "USA"]
[Source "MonRoi"]
[WhiteClock "1:02:55"]
[BlackClock "1:16:00"]

1. d4 d5 2. Bg5 f6 3. Bf4 Nc6 4. Nf3 g5 5. Bg3 g4 6. Nh4 e5 7. dxe5 f5 8. e4
dxe4 9. Qxd8+ Nxd8 10. f3 exf3 11. gxf3 Be6 12. Bd3 Ne7 13. Nc3 Ndc6 14. fxg4
fxg4 15. O-O Bg7 1/2-1/2

[Event "10th Philadelphia Open"]
[Site "Philadelphia"]
[Date "2016.03.27"]
[Round "9.3"]
[White "Chandra, Akshat"]
[Black "Kadric, Denis"]
[Result "0-1"]
[WhiteElo "2491"]
[BlackElo "2546"]
[PlyCount "80"]
[EventDate "2016.03.??"]
[EventType "swiss"]
[EventRounds "9"]
[EventCountry "USA"]
[Source "MonRoi"]
[WhiteClock "0:00:18"]
[BlackClock "0:24:35"]

1. d4 d6 2. e4 Nf6 3. Nc3 Nc6 4. Nf3 g6 5. Be3 Bg7 6. Qd2 O-O 7. O-O-O Bg4 8.
Be2 e5 9. d5 Bxf3 10. Bxf3 Nd4 11. Ne2 Nxf3 12. gxf3 Nh5 13. Ng3 Qh4 14. Bg5
Qh3 15. Rdg1 Kh8 16. Be3 Nf4 17. Qd1 h5 18. Nf1 Bh6 19. Kb1 Rfd8 20. Nd2 c6 21.
Nb3 Kg7 22. Na5 Qd7 23. Nb3 Rac8 24. Nc1 cxd5 25. Bxf4 Bxf4 26. Qxd5 Rc5 27.
Qd1 Bxc1 28. Qxc1 d5 29. Rd1 d4 30. Qg5 Qc7 31. c3 f6 32. Qc1 dxc3 33. bxc3
Rxc3 34. Qb2 Rc8 35. Qb5 Kh6 36. Qe2 Qb6+ 37. Ka1 Rc2 38. Qe3+ Qxe3 39. fxe3
Rf2 40. Rd7 Rcc2 0-1

[Event "10th Philadelphia Open"]
[Site "Philadelphia"]
[Date "2016.03.27"]
[Round "9.4"]
[White "Margvelashvili, Giorgi"]
[Black "Fishbein, Alexander"]
[Result "1-0"]
[WhiteElo "2532"]
[BlackElo "2485"]
[PlyCount "95"]
[EventDate "2016.03.??"]
[EventType "swiss"]
[EventRounds "9"]
[EventCountry "USA"]
[Source "MonRoi"]
[WhiteClock "0:31:05"]
[BlackClock "0:27:53"]

1. c4 Nf6 2. g3 g6 3. Bg2 Bg7 4. Nc3 O-O 5. d4 d6 6. e3 e5 7. Nge2 Re8 8. h3
exd4 9. Nxd4 Nbd7 10. O-O Nb6 11. b3 c6 12. a4 a5 13. e4 Nbd7 14. Bf4 Nc5 15.
Re1 Nfd7 16. Be3 Nf8 17. f4 Nfe6 18. Nde2 f5 19. exf5 Nf8 20. Bxc5 dxc5 21.
Qxd8 Rxd8 22. fxg6 hxg6 23. Rad1 Bf5 24. Rxd8 Rxd8 25. Ne4 Rd3 26. Nxc5 Re3 27.
Kf2 Re7 28. g4 Bc8 29. Rd1 Ne6 30. Nxe6 Bxe6 31. Ng3 Bc3 32. Be4 Bf7 33. Kf3
Kg7 34. h4 Rc7 35. f5 gxf5 36. Nxf5+ Kf6 37. Rd3 Bb2 38. Rd2 Bc3 39. Re2 Be5
40. g5+ Ke6 41. Kg4 Be8 42. Bc2 Bd7 43. h5 Rc8 44. Nh6 Kd6+ 45. Bf5 Bxf5+ 46.
Nxf5+ Ke6 47. h6 Rf8 48. h7 1-0

[Event "10th Philadelphia Open"]
[Site "Philadelphia"]
[Date "2016.03.27"]
[Round "9"]
[White "Chirila, Ioan"]
[Black "Ludwig, John"]
[Result "1-0"]
[WhiteElo "2524"]
[BlackElo "2319"]
[PlyCount "149"]
[EventDate "2016.03.??"]
[EventType "swiss"]
[EventRounds "9"]
[EventCountry "USA"]
[Source "MonRoi"]

1. d4 Nf6 2. c4 c5 3. d5 e6 4. Nc3 exd5 5. cxd5 d6 6. Nf3 g6 7. Bf4 a6 8. a4
Bg7 9. h3 O-O 10. e3 Ne8 11. Be2 Nd7 12. O-O Qe7 13. Nd2 Ne5 14. Qc2 f5 15. Bg3
Rb8 16. Ra3 Bd7 17. Rb3 Nc7 18. a5 g5 19. Re1 Be8 20. f4 Ng6 21. Bc4 gxf4 22.
exf4 Bd4+ 23. Kh2 Qf6 24. Nf3 Bxc3 25. Rxc3 Bb5 26. b3 Rbe8 27. Rce3 Rxe3 28.
Rxe3 Re8 29. Rxe8+ Bxe8 30. Ng5 Bd7 31. Qd2 Kg7 32. Bf2 h6 33. Nf3 Bb5 34. h4
Ne7 35. Bxc5 dxc5 36. d6 Ncd5 37. dxe7 Nxe7 38. Bxb5 axb5 39. Qd7 c4 40. bxc4
bxc4 41. Qxb7 c3 42. Qc7 Kf8 43. a6 Qxa6 44. Qxc3 Qg6 45. Ne5 Qe6 46. h5 Kg8
47. Qc7 Qf6 48. Qd8+ Qf8 49. Qd6 Qg7 50. Qe6+ Kh7 51. Ng6 Ng8 52. Qxf5 Qf6 53.
Qd7+ Qg7 54. Qf5 Qf6 55. Qe4 Kg7 56. Qd5 Kh7 57. Qe5 Qg7 58. Qe4 Nf6 59. Qf5
Kg8 60. Ne5 Kh8 61. Kh3 Kg8 62. g4 Qa7 63. Qg6+ Qg7 64. Kh4 Qxg6 65. hxg6 Kg7
66. f5 Nd5 67. Nd3 Ne3 68. Nf4 Nc4 69. Nh5+ Kg8 70. f6 Ne5 71. Nf4 Nd7 72. f7+
Kf8 73. Ne6+ Ke7 74. f8=Q+ Nxf8 75. g7 1-0

[Event "10th Philadelphia Open"]
[Site "Philadelphia"]
[Date "2016.03.27"]
[Round "9"]
[White "Berczes, David"]
[Black "Friedel, Joshua"]
[Result "1-0"]
[WhiteElo "2482"]
[BlackElo "2519"]
[PlyCount "71"]
[EventDate "2016.03.??"]
[EventType "swiss"]
[EventRounds "9"]
[EventCountry "USA"]
[Source "MonRoi"]

1. d4 Nf6 2. c4 e6 3. g3 d5 4. Nf3 Bb4+ 5. Bd2 Be7 6. Bg2 O-O 7. O-O c6 8. Bf4
Nbd7 9. Qc2 b6 10. Rd1 Bb7 11. Ne5 Nxe5 12. dxe5 Nd7 13. cxd5 cxd5 14. e4 dxe4
15. Bxe4 Bxe4 16. Qxe4 Nc5 17. Qe2 Qc7 18. Nc3 a5 19. Nb5 Qc6 20. Nd6 Rfd8 21.
Rac1 Rd7 22. b3 Rad8 23. Qg4 Bxd6 24. exd6 Kh8 25. Rc4 Qa8 26. a3 Nxb3 27. Qh5
f6 28. Qb5 Nc5 29. Qxb6 Qf3 30. Rdc1 Nb7 31. Rc7 g5 32. Qd4 e5 33. Bxe5 fxe5
34. Qxe5+ Kg8 35. Rxd7 Rxd7 36. Qe8+ 1-0

[Event "10th Philadelphia Open"]
[Site "Philadelphia"]
[Date "2016.03.27"]
[Round "9"]
[White "King, Alexander"]
[Black "Ostrovskiy, Aleksandr"]
[Result "0-1"]
[WhiteElo "2238"]
[BlackElo "2387"]
[PlyCount "68"]
[EventDate "2016.03.??"]
[EventType "swiss"]
[EventRounds "9"]
[EventCountry "USA"]
[Source "MonRoi"]

1. d4 d5 2. c4 e6 3. Nc3 c6 4. e4 dxe4 5. Nxe4 Bb4+ 6. Bd2 Qxd4 7. Bxb4 Qxe4+
8. Be2 Na6 9. Ba3 Ne7 10. Nf3 c5 11. O-O O-O 12. Re1 Qf4 13. Bd3 f6 14. Re4 Qc7
15. Rh4 h6 16. Qe2 e5 17. g4 Bd7 18. Qe4 Kf7 19. Re1 Bc6 20. Qe3 Rad8 21. Bb1
Qd6 22. Rh3 b6 23. b3 Ng6 24. Rg3 Nf4 25. Nh4 Qd2 26. Bc1 Qxe3 27. Rgxe3 Nc7
28. f3 Nce6 29. Kf2 Rh8 30. Ng2 Nxg2 31. Kxg2 h5 32. Kg3 hxg4 33. fxg4 Nf4 34.
h4 Ng2 0-1

[Event "10th Philadelphia Open"]
[Site "Philadelphia"]
[Date "2016.03.27"]
[Round "9"]
[White "Garcia, Erick"]
[Black "Pozo Vera, Sandro"]
[Result "0-1"]
[WhiteElo "2246"]
[BlackElo "2439"]
[PlyCount "54"]
[EventDate "2016.03.??"]
[EventType "swiss"]
[EventRounds "9"]
[EventCountry "USA"]
[Source "MonRoi"]

1. d4 d5 2. c4 c6 3. Nf3 Nf6 4. Nc3 dxc4 5. a4 Bf5 6. Ne5 Nbd7 7. Nxc4 Nb6 8.
Ne5 a5 9. f3 Nfd7 10. Nxd7 Nxd7 11. e4 Bg6 12. Be3 Qb6 13. Qd2 e5 14. Rd1 O-O-O
15. d5 Bc5 16. Bxc5 Nxc5 17. Qc2 Kb8 18. Be2 Rhf8 19. dxc6 bxc6 20. Bc4 Rd4 21.
Rxd4 exd4 22. Ne2 f5 23. exf5 Qb4+ 24. Kf2 Bxf5 25. Qc1 Ne4+ 26. Kg1 d3 27.
fxe4 d2 0-1

[Event "10th Philadelphia Open"]
[Site "Philadelphia"]
[Date "2016.03.27"]
[Round "9"]
[White "Colas, Joshua"]
[Black "Brodsky, David"]
[Result "1/2-1/2"]
[WhiteElo "2374"]
[BlackElo "2259"]
[PlyCount "154"]
[EventDate "2016.03.??"]
[EventType "swiss"]
[EventRounds "9"]
[EventCountry "USA"]
[Source "MonRoi"]

1. Nf3 d5 2. d4 Nf6 3. e3 c6 4. Bd3 Bg4 5. Nbd2 e6 6. O-O Nbd7 7. c4 Bd6 8. h3
Bh5 9. b3 O-O 10. Bb2 Qe7 11. Be2 Ba3 12. Bc3 Bb4 13. Bxb4 Qxb4 14. Ne1 Bxe2
15. Qxe2 e5 16. Nd3 Qe7 17. cxd5 Nxd5 18. dxe5 Nxe5 19. Nxe5 Qxe5 20. Nc4 Qe7
21. Qb2 Rfd8 22. Rfd1 Nb6 23. Na5 Qc7 24. b4 Rd7 25. Qc2 Rad8 26. a3 g6 27.
Rac1 Nc8 28. Rxd7 Qxd7 29. Nb3 Qd3 30. Qb2 Qd7 31. Nc5 Qe7 32. Qe2 Rd5 33. Qg4
Nd6 34. Rd1 h5 35. Qf3 Rxd1+ 36. Qxd1 a5 37. bxa5 Nc4 38. Qd4 Nxa5 39. Qb4 Qc7
40. Ne4 f5 41. Nc5 Kf7 42. Nd3 Qd8 43. Ne5+ Kg7 44. f4 b6 45. Qc3 Kh7 46. Nf7
Qe8 47. Ng5+ Kg8 48. Kh2 Qe7 49. Qd3 b5 50. g4 hxg4 51. hxg4 Nc4 52. gxf5 Nxe3
53. fxg6 Nd5 54. Kg3 Qe1+ 55. Kg4 Qg1+ 56. Kf5 Qc5 57. Ne6 Ne7+ 58. Kf6 Nd5+
59. Ke5 Qe7 60. f5 Qf6+ 61. Kd6 Ne7 62. Kc7 Nxg6 63. fxg6 Qxe6 64. Qd6 Qe8 65.
Qxc6 Qe7+ 66. Qd7 Qe5+ 67. Qd6 Qc3+ 68. Kb6 Qe3+ 69. Kxb5 Qb3+ 70. Ka6 Qa4+ 71.
Kb6 Qb3+ 72. Kc7 Qc3+ 73. Kb8 Qb3+ 74. Kc7 Qc3+ 75. Kd7 Qg7+ 76. Kd8 Qf6+ 77.
Kc7 Qc3+ 1/2-1/2

[Event "10th Philadelphia Open"]
[Site "Philadelphia"]
[Date "2016.03.27"]
[Round "9"]
[White "Feng, Maggie"]
[Black "Santarius, Erik"]
[Result "0-1"]
[WhiteElo "2213"]
[BlackElo "2343"]
[PlyCount "96"]
[EventDate "2016.03.??"]
[EventType "swiss"]
[EventRounds "9"]
[EventCountry "USA"]
[Source "MonRoi"]

1. Nf3 d5 2. g3 g6 3. Bg2 Bg7 4. d4 Nf6 5. O-O O-O 6. c4 dxc4 7. Na3 c3 8. bxc3
c5 9. e3 Nc6 10. Nc4 Be6 11. Nce5 Nxe5 12. Nxe5 Qc7 13. e4 Rfd8 14. Be3 Nxe4
15. Bxe4 Bxe5 16. Qa4 Bf6 17. Bf4 Qd7 18. Qxd7 Rxd7 19. dxc5 Rc8 20. Rab1 Rxc5
21. Rxb7 Rxb7 22. Bxb7 Ra5 23. Bh6 Bg7 24. Bxg7 Kxg7 25. Rc1 Bc4 26. Re1 e6 27.
Re4 Bxa2 28. Rb4 Ra3 29. Be4 a5 30. Rb5 a4 31. Ra5 Bb3 32. Kg2 Ra1 33. Rb5 Re1
34. Kf3 Bd1+ 35. Kf4 f6 36. Rb7+ Kh6 37. g4 g5+ 38. Kg3 Rxe4 39. h3 a3 40. Rb1
Bc2 41. Ra1 Ra4 42. Ra2 Bb1 43. Ra1 a2 44. f3 e5 45. h4 Kg7 46. hxg5 fxg5 47.
Kf2 Rc4 48. Ke2 Rxc3 0-1

[Event "10th Philadelphia Open"]
[Site "Philadelphia"]
[Date "2016.03.27"]
[Round "9"]
[White "Huang, Andy"]
[Black "Panchanathan, Magesh"]
[Result "1/2-1/2"]
[WhiteElo "2046"]
[BlackElo "2550"]
[PlyCount "99"]
[EventDate "2016.03.??"]
[EventType "swiss"]
[EventRounds "9"]
[EventCountry "USA"]
[Source "MonRoi"]

1. e4 e5 2. Nf3 Nc6 3. Bb5 a6 4. Ba4 Nf6 5. Qe2 d6 6. c3 Be7 7. O-O O-O 8. Rd1
Nd7 9. d4 Bf6 10. Be3 g6 11. dxe5 Ndxe5 12. Nxe5 Nxe5 13. Nd2 Bg7 14. h3 Bd7
15. Bb3 Qe7 16. f4 Nc6 17. Rf1 Rae8 18. Rae1 Na5 19. Bc2 f5 20. exf5 Bxf5 21.
Bxf5 Rxf5 22. Qd3 Nc6 23. Nf3 Qe4 24. Qxe4 Rxe4 25. Bc1 Rxe1 26. Rxe1 Rf8 27.
g3 Bf6 28. Kf2 Kf7 29. Be3 b5 30. Nd4 Ne7 31. Kf3 c5 32. Nc2 a5 33. Rd1 Ke6 34.
a3 Rc8 35. Rd2 d5 36. g4 Kd6 37. Ke2 Nc6 38. b4 c4 39. Bc5+ Ke6 40. Ne3 axb4
41. axb4 Bxc3 42. Rxd5 Rd8 43. f5+ gxf5 44. gxf5+ Kf7 45. Rxd8 Nxd8 46. Nd5 Be5
47. Ke3 Nc6 48. Ke4 Kg7 49. Ne3 Bc3 50. Nd5 1/2-1/2

[Event "10th Philadelphia Open"]
[Site "Philadelphia"]
[Date "2016.03.27"]
[Round "9"]
[White "Dougherty, Michael"]
[Black "Balakrishnan, Praveen"]
[Result "0-1"]
[WhiteElo "2169"]
[BlackElo "2377"]
[PlyCount "122"]
[EventDate "2016.03.??"]
[EventType "swiss"]
[EventRounds "9"]
[EventCountry "USA"]
[Source "MonRoi"]

1. d4 Nf6 2. Nf3 e6 3. c4 d5 4. Nc3 Bb4 5. e3 O-O 6. a3 Bxc3+ 7. bxc3 b6 8.
cxd5 exd5 9. Bd3 c5 10. Ne5 Ba6 11. O-O Bxd3 12. Qxd3 c4 13. Qc2 Nbd7 14. Nc6
Qe8 15. Qf5 Nc5 16. dxc5 Qxc6 17. cxb6 axb6 18. f3 Ra5 19. Qf4 Re8 20. Bd2 Rea8
21. Rae1 Rxa3 22. e4 dxe4 23. fxe4 Qe6 24. Qf5 R8a5 25. e5 Nd7 26. Bc1 Ra1 27.
Qxe6 fxe6 28. Rd1 Rd5 29. Rxd5 exd5 30. e6 Nf6 31. g4 h6 32. h3 Kf8 33. Be3
Rxf1+ 34. Kxf1 Ne4 35. Bxb6 Nxc3 36. Bd4 Ne4 37. e7+ Kxe7 38. Bxg7 h5 39. gxh5
Ng3+ 40. Kf2 Nxh5 41. Bd4 Ke6 42. Kf3 Kf5 43. h4 Nf4 44. Bc3 Ne6 45. Ke3 Kg4
46. Bf6 Kf5 47. Bc3 Nf4 48. Kf3 Nh5 49. Bd4 Nf6 50. Bc3 Ne4 51. Bd4 Nd6 52. Bg7
Ke6 53. Bh8 Nf7 54. Bg7 Ne5+ 55. Ke3 Ng4+ 56. Kd4 Nf6 57. Bh8 Ne8 58. h5 Nd6
59. Kc5 Ne4+ 60. Kd4 Ng3 61. Be5 Nf5+ 0-1

[Event "10th Philadelphia Open"]
[Site "Philadelphia"]
[Date "2016.03.27"]
[Round "9"]
[White "Kretchetov, Alexandre"]
[Black "Zaloznyy, Mike"]
[Result "1/2-1/2"]
[WhiteElo "2288"]
[BlackElo "2150"]
[PlyCount "38"]
[EventDate "2016.03.??"]
[EventType "swiss"]
[EventRounds "9"]
[EventCountry "USA"]
[Source "MonRoi"]

1. Nf3 d5 2. d4 Nf6 3. c4 e6 4. Nc3 Be7 5. Bg5 h6 6. Bh4 O-O 7. e3 Ne4 8. Bxe7
Qxe7 9. cxd5 Nxc3 10. bxc3 exd5 11. Qb3 Rd8 12. c4 Be6 13. Qxb7 dxc4 14. Qxa8
Qb4+ 15. Nd2 c3 16. Rd1 cxd2+ 17. Rxd2 Qb1+ 18. Rd1 Qb4+ 19. Rd2 Qb1+ 1/2-1/2

[Event "10th Philadelphia Open"]
[Site "Philadelphia"]
[Date "2016.03.27"]
[Round "9"]
[White "Sinha, Sahil"]
[Black "Jacobson, Brandon"]
[Result "0-1"]
[WhiteElo "2073"]
[BlackElo "2241"]
[PlyCount "88"]
[EventDate "2016.03.??"]
[EventType "swiss"]
[EventRounds "9"]
[EventCountry "USA"]
[Source "MonRoi"]

1. d4 Nf6 2. c4 b6 3. Nc3 Bb7 4. Qc2 d6 5. e4 Nbd7 6. Nf3 g6 7. Be2 Bg7 8. O-O
O-O 9. h3 e5 10. dxe5 dxe5 11. Rd1 Qe7 12. Bg5 c6 13. a3 Nc5 14. b4 Ne6 15. Be3
Nh5 16. Rac1 Rfd8 17. g3 Nd4 18. Qb2 Rab8 19. Kg2 h6 20. Ne1 Nf6 21. Nd3 Nxe4
22. Nxe4 c5 23. f3 f5 24. Ndf2 fxe4 25. Nxe4 Rf8 26. Bxd4 exd4 27. Bd3 Be5 28.
Rf1 Bc7 29. Rce1 Qe5 30. f4 Qg7 31. Kh2 Ba8 32. Qd2 cxb4 33. axb4 Kh8 34. b5
Rg8 35. Qe2 Rbe8 36. Qf2 Rgf8 37. Qd2 Qd7 38. Nf2 g5 39. f5 Bxg3+ 40. Kxg3 Qc7+
41. Kg4 h5+ 42. Kxg5 Rg8+ 43. Kxh5 Qf7+ 44. Kh4 Qh7+ 0-1